000 00724nam a22001577a 4500
008 180815b xxu||||| |||| 00| 0 eng d
020 _a0406091412
050 _aKD277.7.L39( 1880-8111)
245 _aThe Reports (1880-81 vol.6): Cases determined by the Queen's Bench Division and by the Common pleas and exchequer divisions of the high court of justice,and by the court of appeal on appeal therefrom, and by the court for crown cases reserved. /
_cEdited by : James Redfoord Bulwer, Q.C.
260 _aLondon:
_bButterworth and Co LTD.
_c1881.
300 _axxi,718p. :
_c24cm.
440 _pQueen's Bench Division.
_vvol.6.
700 _aBulwer, James Redfoord
800 _aJames Redfoord Bulwer, Q.C.
942 _2lcc
_cBK
999 _c6669
_d14169